000 01089nac a22003377a 4500
001 BR8502306
003 BR-BrBNA
005 20240105120315.0
008 230509b bl.|||m| |||| 00| 0 por d
040 _aBR-BrBNA
_bpor
_cBiblioteca Nacional de Agricultura
072 _aF30; L02
090 _a1900 BR8502306
100 1 _aKornelius, E.
100 1 _aZoby, J.L.F.
100 1 _aGomes, D.T.
110 1 _aCentro de Pesquisa Agropecuaria dos Cerrados, Planaltina, DF (Brasil)
245 1 _aPrograma de pesquisa em forragicultura no Centro de Pesquisa Agropecuaria dos Cerrados - Brasilia-DF [Brasil]
260 3 _aPlanaltina, DF (Brasil):
_c1985.
300 _a25 p.
490 _aDocumentos - Centro de Pesquisa Agropecuaria dos Cerrados (Brazil)
_vno. 18
_xISSN 0102-0023
500 _a29 ref.
650 _aPLANTA FORRAGEIRA
650 _aPASTAGEM CONSORCIADA
650 _aSUPLEMENTO ALIMENTAR
650 _aFENO
650 _aGERMOPLASMA
650 _aCERRADO
650 _aBOVINO
909 _a202312
_bLúcia Elande
_c55
_dLúcia Elande
942 _2AGRIS
_n0
_cMS
999 _c278791
_d278791